American Political Parties By How Many Presidents They Had - Statistics

General Stats
  • This quiz has been taken 94 times
  • The average score is 5 of 7
Answer Stats
Party Number of Presidents % Correct
14 Democrat
100%
19 Republican
100%
4 Whig
88%
3 Democratic-Republican
76%
1 Federalist
64%
2 Independent
39%
2 National Union
24%
No matching quizzes found
Score Distribution
Percent of People with Each Score
Percentile by Number Answered
Your Score History
You have not taken this quiz